[Event "Barcelona Sant Marti op 21st"]
[Site "Barcelona"]
[Date "2019.07.16"]
[Round "4"]
[White "Juan Bartroli, Pau"]
[Black "Fathima, Abdeen"]
[Result "1-0"]
[WhiteElo "2254"]
[BlackElo "1652"]
[PlyCount "97"]
[EventDate "2019.07.13"]
[EventType "swiss"]
[EventRounds "9"]
[EventCountry "ESP"]
[SourceTitle "EXT 2020"]
[Source "ChessBase"]
[SourceDate "2019.10.17"]
[SourceVersion "1"]
[SourceVersionDate "2019.10.17"]
[SourceQuality "1"]

1. b3 e6 2. Bb2 f5 3. e3 Nf6 4. f4 b6 5. Nf3 Bb7 6. g3 g6 7. Bg2 Bg7 8. 0-0 0-0 9. Qe2 Qe7 10. d3 d6 11. Nbd2 Re8 12. e4 d5 13. exf5 exf5 14. Qxe7 Rxe7 15. Rfe1 Nc6 16. Rxe7 Nxe7 17. Ng5 Ne8 18. Bxg7 Nxg7 19. Re1 Re8 20. Kf2 h6 21. Ne6 Nxe6 22. Rxe6 Kf7 23. Re5 c6 24. Nf3 Rd8 25. h4 c5 26. h5 gxh5 27. Nh4 Bc8 28. c3 Kf6 29. Re1 Ba6 30. Bf1 d4 31. c4 Nc6 32. a3 Bc8 33. Bg2 Ne7 34. b4 Ng6 35. Nxg6 Kxg6 36. bxc5 bxc5 37. Re5 Rd6 38. Rxc5 Bd7 39. Ra5 Rb6 40. Rxa7 Rb2+ 41. Kg1 Bc8 42. a4 Rb3 43. Bf1 Bb7 44. a5 h4 45. gxh4 Kh5 46. Be2+ Kxh4 47. Kf2 Rb2 48. a6 Be4 49. Rh7 1-0

[Event "Barcelona Sant Marti op 21st"]
[Site "Barcelona"]
[Date "2019.07.15"]
[Round "3"]
[White "Leenhouts, Koen"]
[Black "Juan Bartroli, Pau"]
[Result "1-0"]
[WhiteElo "2426"]
[BlackElo "2254"]
[PlyCount "101"]
[EventDate "2019.07.13"]
[EventType "swiss"]
[EventRounds "9"]
[EventCountry "ESP"]
[SourceTitle "EXT 2020"]
[Source "ChessBase"]
[SourceDate "2019.10.17"]
[SourceVersion "1"]
[SourceVersionDate "2019.10.17"]
[SourceQuality "1"]

1. d4 Nf6 2. c4 e6 3. Nc3 Bb4 4. e3 b6 5. Nge2 Ba6 6. Ng3 h5 7. h4 Bd6 8. Rh3 c5 9. Nge4 Be7 10. Ng5 cxd4 11. exd4 Qc7 12. Qa4 Qc6 13. Qb3 Qd6 14. Be3 Qb4 15. Qxb4 Bxb4 16. Rc1 d5 17. cxd5 Nxd5 18. Bd2 Bxc3 19. bxc3 Bxf1 20. Kxf1 0-0 21. Ne4 Nd7 22. c4 N5f6 23. Nd6 Ne8 24. Nb5 Nef6 25. a4 Rfc8 26. Rb3 a6 27. Na3 Rc6 28. a5 Ne4 29. Be3 bxa5 30. Rb7 Ndf6 31. Rcb1 Nd6 32. R7b6 Rac8 33. c5 Nf5 34. Nc4 Nd5 35. Rxc6 Rxc6 36. Rb8+ Kh7 37. Nxa5 Rc7 38. Nc4 Ra7 39. Ke2 a5 40. g3 a4 41. Na3 Kg6 42. Kd3 e5 43. dxe5 Ndxe3 44. Rb6+ f6 45. fxe3 Rc7 46. e4 Nxg3 47. Kd4 Ne2+ 48. Kc4 Nc3 49. Kxc3 Rxc5+ 50. Nc4 a3 51. Ra6 1-0

[Event "Catalunya-chT GpB final"]
[Site "Barcelona"]
[Date "2018.03.10"]
[Round "1.5"]
[White "Vinardell Cruanas, Sergi"]
[Black "Juan Bartroli, Pau"]
[Result "0-1"]
[WhiteElo "2171"]
[BlackElo "2232"]
[PlyCount "71"]
[EventDate "2018.03.10"]
[EventType "team-tourn"]
[EventRounds "4"]
[EventCountry "ESP"]
[SourceTitle "CBM 183 Extra"]
[Source "ChessBase"]
[SourceDate "2018.04.19"]
[SourceVersion "1"]
[SourceVersionDate "2018.04.19"]
[SourceQuality "1"]
[WhiteTeam "Olot"]
[BlackTeam "Catalunya"]
[WhiteTeamCountry "ESP"]
[BlackTeamCountry "ESP"]

1. e4 c6 2. d4 d5 3. Nc3 dxe4 4. Nxe4 Bf5 5. Ng3 Bg6 6. h4 h6 7. Nf3 Nd7 8. h5 Bh7 9. Bd3 Bxd3 10. Qxd3 e6 11. Bd2 Ngf6 12. Qe2 Be7 13. 0-0-0 0-0 14. Rhe1 c5 15. Nf5 Re8 16. Nxe7+ Qxe7 17. Rh1 Rac8 18. Rh4 Red8 19. dxc5 Nxc5 20. Be3 Rxd1+ 21. Qxd1 Nd5 22. Bd4 f5 23. Bxc5 Rxc5 24. Qe2 a5 25. Kb1 Rc6 26. g3 Rb6 27. Ka1 Qf6 28. Ne5 Qg5 29. Rh1 Rb4 30. c4 Nf6 31. Nd3 Rb6 32. Nf4 Ne4 33. Rd1 Qe7 34. f3 Nf6 35. Qd3 Kh7 36. Rd2 0-1

[Event "Fuengirola Uni rapid op"]
[Site "Fuengirola"]
[Date "2017.09.22"]
[Round "4"]
[White "Juan Bartroli, Pau"]
[Black "Niekras, Dawid"]
[Result "0-1"]
[WhiteElo "2266"]
[BlackElo "2313"]
[PlyCount "82"]
[EventDate "2017.09.21"]
[EventType "swiss (rapid)"]
[EventRounds "9"]
[EventCountry "ESP"]
[SourceTitle "CBM 180 Extra"]
[Source "ChessBase"]
[SourceDate "2017.10.06"]
[SourceVersion "1"]
[SourceVersionDate "2017.10.06"]
[SourceQuality "1"]

1. d4 Nf6 2. Bg5 d5 3. e3 c5 4. c3 Qb6 5. Qb3 c4 6. Qxb6 axb6 7. Nd2 b5 8. a3 Bf5 9. f3 Nbd7 10. Kf2 h6 11. Bxf6 Nxf6 12. Re1 e6 13. g4 Bh7 14. h4 Be7 15. Ne2 Nd7 16. Nf4 Nb6 17. e4 Bd6 18. Nh5 0-0 19. g5 Bg6 20. Ng3 Bf4 21. Re2 hxg5 22. h5 Bh7 23. Bg2 Na4 24. Nb1 Rfe8 25. h6 Bg6 26. Nh5 Bxh5 27. Rxh5 g6 28. Rh1 Red8 29. exd5 Rxd5 30. Bh3 Kh7 31. Kg2 Rd6 32. Nd2 Nxb2 33. Ne4 Nd3 34. Rb1 Rb6 35. Nf6+ Kxh6 36. Bg4 Kg7 37. Nd7 Rd6 38. Nc5 Rxa3 39. Rxb5 b6 40. Ne4 Rc6 41. Rc2 Ne1+ 0-1

[Event "Fuengirola Uni rapid op"]
[Site "Fuengirola"]
[Date "2017.09.21"]
[Round "2"]
[White "Juan Bartroli, Pau"]
[Black "Nenezic, Marko"]
[Result "0-1"]
[WhiteElo "2266"]
[BlackElo "2490"]
[PlyCount "88"]
[EventDate "2017.09.21"]
[EventType "swiss (rapid)"]
[EventRounds "9"]
[EventCountry "ESP"]
[SourceTitle "CBM 180 Extra"]
[Source "ChessBase"]
[SourceDate "2017.10.06"]
[SourceVersion "1"]
[SourceVersionDate "2017.10.06"]
[SourceQuality "1"]

1. b3 Nf6 2. Bb2 g6 3. e4 d6 4. g3 Bg7 5. Bg2 0-0 6. Ne2 c5 7. 0-0 Nc6 8. h3 e5 9. d3 d5 10. Nd2 Be6 11. f4 dxe4 12. fxe5 Nd5 13. Nc4 exd3 14. Qxd3 Ndb4 15. Qxd8 Raxd8 16. Ne3 Rd2 17. Nf4 Nxc2 18. Nxc2 Rxc2 19. Bxc6 bxc6 20. Nxe6 fxe6 21. Rxf8+ Bxf8 22. Ba3 Re2 23. Rc1 Rxe5 24. Kf2 Bh6 25. Rc4 Be3+ 26. Kf3 Bd4 27. Bc1 Re1 28. b4 e5 29. bxc5 Kf7 30. Bd2 Rf1+ 31. Ke2 Rf2+ 32. Ke1 Rf3 33. g4 Ke6 34. Rb4 Ra3 35. Rb7 e4 36. Bg5 Rxa2 37. Rxh7 Kd5 38. Rd7+ Kc4 39. h4 e3 40. Kf1 e2+ 41. Ke1 Kd3 42. Rxd4+ Kxd4 43. h5 gxh5 44. gxh5 Kd3 0-1

[Event "Barcelona Sants op-A18th"]
[Site "Barcelona"]
[Date "2016.08.20"]
[Round "2"]
[White "Baghdasaryan, Vahe"]
[Black "Juan Bartroli, Pau"]
[Result "1-0"]
[WhiteElo "2488"]
[BlackElo "2231"]
[PlyCount "70"]
[EventDate "2016.08.19"]
[EventType "swiss"]
[EventRounds "10"]
[EventCountry "ESP"]
[SourceTitle "CBM 174 Extra"]
[Source "ChessBase"]
[SourceDate "2016.10.10"]
[SourceVersion "1"]
[SourceVersionDate "2016.10.10"]
[SourceQuality "1"]

1. Nf3 d5 2. g3 Nf6 3. c4 c6 4. Bg2 Bf5 5. 0-0 e6 6. cxd5 exd5 7. d3 Be7 8. Qb3 Qb6 9. Qc2 Nbd7 10. Nc3 0-0 11. e4 Bg6 12. Rd1 Rad8 13. Be3 Qa6 14. exd5 Nxd5 15. Nxd5 cxd5 16. Qb3 Nc5 17. Bxc5 Bxc5 18. d4 Be7 19. Rac1 Bf6 20. Rc7 b6 21. Ne5 Bxe5 22. dxe5 Qe2 23. f4 Be4 24. Bf1 Qg4 25. Bd3 Bf3 26. Rf1 Be2 27. Re1 Bf3 28. Rxa7 h5 29. Rf1 Be4 30. Qd1 Qg6 31. f5 Qg5 32. Rf4 Rc8 33. Ra3 Rfd8 34. Ba6 Rc7 35. h4 Qe7 1-0

[Event "Sant Boi Chalmeta Memorial"]
[Site "Sant Boi de Llobregat"]
[Date "2016.06.10"]
[Round "8"]
[White "Cruz Estrada, Filemon"]
[Black "Juan Bartroli, Pau"]
[Result "1/2-1/2"]
[WhiteElo "2404"]
[BlackElo "2229"]
[PlyCount "33"]
[EventDate "2016.04.22"]
[EventType "tourn"]
[EventRounds "9"]
[EventCountry "ESP"]
[EventCategory "2"]
[SourceTitle "EXT 2017"]
[Source "ChessBase"]
[SourceDate "2016.10.25"]
[SourceVersion "1"]
[SourceVersionDate "2016.10.25"]
[SourceQuality "1"]

1. Nf3 b6 2. e4 Bb7 3. Nc3 e6 4. Bd3 Nf6 5. 0-0 d5 6. Re1 Be7 7. Qe2 d4 8. Nb5 c5 9. a4 Nc6 10. c3 e5 11. Na3 a6 12. Bc2 0-0 13. d3 Qc7 14. Bg5 Nd7 15. Bd2 Rac8 16. Bb3 Kh8 17. Rec1 1/2-1/2

[Event "Sant Boi Chalmeta Memorial"]
[Site "Sant Boi de Llobregat"]
[Date "2016.06.03"]
[Round "7"]
[White "Juan Bartroli, Pau"]
[Black "Valdes Romero, Leonardo"]
[Result "0-1"]
[WhiteElo "2229"]
[BlackElo "2375"]
[PlyCount "86"]
[EventDate "2016.04.22"]
[EventType "tourn"]
[EventRounds "9"]
[EventCountry "ESP"]
[EventCategory "2"]
[SourceTitle "EXT 2017"]
[Source "ChessBase"]
[SourceDate "2016.10.25"]
[SourceVersion "1"]
[SourceVersionDate "2016.10.25"]
[SourceQuality "1"]

1. d4 d6 2. Nf3 Nf6 3. c4 g6 4. Nc3 Bg7 5. e4 0-0 6. Be2 Na6 7. 0-0 e5 8. d5 Nc5 9. Qc2 a5 10. Ne1 Bd7 11. Be3 b6 12. b3 Nfxe4 13. Nxe4 Nxe4 14. f3 Nc5 15. Rd1 f5 16. Qd2 Qe7 17. Nd3 Rfe8 18. Rde1 Bf6 19. Nxc5 bxc5 20. a4 Bh4 21. Rc1 Kh8 22. Bd3 f4 23. Bf2 Bf5 24. Be4 Reb8 25. Rc3 Bxf2+ 26. Rxf2 Rb4 27. Re2 Qf6 28. Qd3 Rab8 29. g4 fxg3 30. hxg3 Qg5 31. Kg2 Rf8 32. Re1 Rbb8 33. Qe3 Qxe3 34. Rexe3 Kg7 35. Kf2 h5 36. Kg2 Kh6 37. Re1 Kg5 38. Rd3 Rf7 39. Rc3 h4 40. Bxf5 gxf5 41. f4+ Kf6 42. gxh4 Rg7+ 43. Kh3 Rg4 0-1

[Event "Barcelona Sants op 17th"]
[Site "Barcelona"]
[Date "2015.08.25"]
[Round "5"]
[White "Perske, Thore"]
[Black "Juan Bartroli, Pau"]
[Result "1-0"]
[WhiteElo "2408"]
[BlackElo "2195"]
[PlyCount "123"]
[EventDate "2015.08.21"]
[EventType "swiss"]
[EventRounds "10"]
[EventCountry "ESP"]
[SourceTitle "EXT 2016"]
[Source "ChessBase"]
[SourceDate "2015.10.08"]
[SourceVersion "1"]
[SourceVersionDate "2015.10.08"]
[SourceQuality "1"]

1. e4 c6 2. d3 d5 3. Nd2 e5 4. Ngf3 Bd6 5. d4 exd4 6. Bd3 Bg4 7. h3 Bxf3 8. Qxf3 Nf6 9. 0-0 0-0 10. exd5 cxd5 11. Nb3 Nc6 12. Bg5 Be5 13. Rfe1 Qd6 14. Re2 Nd7 15. Rae1 g6 16. Qg4 Rac8 17. Qh4 Bf6 18. Bxf6 Qxf6 19. Qxf6 Nxf6 20. Bb5 Rfe8 21. Rxe8+ Nxe8 22. Bxc6 bxc6 23. Re7 Nc7 24. Nxd4 Nb5 25. Nf3 Rc7 26. Re8+ Kg7 27. Rd8 Re7 28. Kf1 Re4 29. c3 Kf6 30. Rc8 Rc4 31. Nd2 Rc5 32. Nb3 Rc4 33. Nd2 Rc5 34. a4 Nd6 35. Rc7 a5 36. Ke2 Ne4 37. Nb3 Rc4 38. f3 Ng3+ 39. Kf2 Nf5 40. Nxa5 Rxa4 41. Nxc6 d4 42. Nxd4 Nxd4 43. cxd4 Rxd4 44. Ke2 Rb4 45. Rc2 Rb3 46. Kd1 Kf5 47. Re2 Kf4 48. Kc2 Rb7 49. Kc3 Rc7+ 50. Kd4 Rb7 51. Kc5 Rc7+ 52. Kb6 Rc8 53. b4 Rb8+ 54. Kc5 Rc8+ 55. Kd6 Rb8 56. Rb2 Kg3 57. b5 Rxb5 58. Rxb5 Kxg2 59. Rb7 Kxh3 60. Rxf7 h5 61. Ke5 Kg3 62. f4 1-0

[Event "Barcelona Sant Marti op-A 17th"]
[Site "Barcelona"]
[Date "2015.07.21"]
[Round "9"]
[White "Juan Bartroli, Pau"]
[Black "Perpinya Rofes, Lluis Maria"]
[Result "1-0"]
[WhiteElo "2195"]
[BlackElo "2398"]
[PlyCount "117"]
[EventDate "2015.07.13"]
[EventType "swiss"]
[EventRounds "9"]
[EventCountry "ESP"]
[SourceTitle "CBM 167 Extra"]
[Source "ChessBase"]
[SourceDate "2015.09.14"]
[SourceVersion "1"]
[SourceVersionDate "2015.09.14"]
[SourceQuality "1"]

1. c4 g6 2. d4 Bg7 3. Nc3 Nf6 4. e4 d6 5. Be2 0-0 6. Bg5 h6 7. Be3 c5 8. e5 dxe5 9. dxe5 Qxd1+ 10. Rxd1 Ng4 11. Bxc5 Nc6 12. f4 b6 13. h3 bxc5 14. Bxg4 Bxg4 15. hxg4 f6 16. exf6 Bxf6 17. Nge2 Rab8 18. Rxh6 Kg7 19. g5 Bxc3+ 20. bxc3 Rb2 21. Rd2 Rfb8 22. Rh3 Rxd2 23. Kxd2 Rb2+ 24. Kd3 Rxa2 25. Re3 Kf7 26. g4 e6 27. Rh3 Kg7 28. Ng3 Rf2 29. Ke3 Rg2 30. Ne4 Rxg4 31. Nf6 Rg1 32. Rh7+ Kf8 33. Rc7 Ne7 34. Nd7+ Ke8 35. Nxc5 e5 36. Rxa7 Rg3+ 37. Ke4 exf4 38. Nd7 Rxc3 39. Ne5 Kf8 40. Kxf4 Rc1 41. Ra6 Rf1+ 42. Ke4 Re1+ 43. Kf4 Rf1+ 44. Nf3 Rc1 45. Nd2 Rc2 46. Ke3 Rc1 47. Kd3 Kf7 48. Nf3 Rd1+ 49. Ke4 Rc1 50. Ne5+ Kf8 51. Kd4 Rd1+ 52. Kc5 Rg1 53. Nxg6+ Nxg6 54. Rxg6 Kf7 55. Rf6+ Ke7 56. Rf5 Ke6 57. Rd5 Rg4 58. Kb5 Rg1 59. Kc6 1-0

[Event "Barcelona Sant Marti op-A 17th"]
[Site "Barcelona"]
[Date "2015.07.14"]
[Round "2"]
[White "Juan Bartroli, Pau"]
[Black "Franch Guiral, Ramon"]
[Result "1-0"]
[WhiteElo "2195"]
[BlackElo "1964"]
[PlyCount "99"]
[EventDate "2015.07.13"]
[EventType "swiss"]
[EventRounds "9"]
[EventCountry "ESP"]
[SourceTitle "CBM 167 Extra"]
[Source "ChessBase"]
[SourceDate "2015.09.14"]
[SourceVersion "1"]
[SourceVersionDate "2015.09.14"]
[SourceQuality "1"]

1. d4 e6 2. c4 d5 3. Nf3 c6 4. e3 Bd6 5. Bd3 f5 6. 0-0 Nf6 7. b3 Qe7 8. Bb2 0-0 9. Qc1 Nbd7 10. Ba3 Ne4 11. Bxd6 Qxd6 12. Qa3 Ndf6 13. Qxd6 Nxd6 14. Ne5 Nf7 15. Nd2 Nxe5 16. dxe5 Ng4 17. Nf3 Bd7 18. h3 Nh6 19. cxd5 cxd5 20. Nd4 g5 21. Rac1 Rac8 22. Bb5 Rxc1 23. Rxc1 Rc8 24. Rxc8+ Bxc8 25. f4 Kf8 26. Be2 a6 27. b4 Bd7 28. g4 fxg4 29. hxg4 Nf7 30. a3 h6 31. Kf2 Ke7 32. Bd3 Nd8 33. Ke2 Nc6 34. Nb3 Bc8 35. Kd2 b6 36. Kc3 Bb7 37. Nd4 Nd8 38. a4 Bc8 39. Bg6 Bd7 40. Bc2 Nf7 41. a5 b5 42. Nf3 Be8 43. Kd4 Kd7 44. Kc5 Kc7 45. Bg6 gxf4 46. exf4 Kd7 47. Bxf7 Bxf7 48. Kb6 h5 49. gxh5 Bxh5 50. Nd4 1-0

[Event "Barcelona Sant Marti op-A 17th"]
[Site "Barcelona"]
[Date "2015.07.13"]
[Round "1"]
[White "Burmakin, Vladimir"]
[Black "Juan Bartroli, Pau"]
[Result "1-0"]
[WhiteElo "2571"]
[BlackElo "2195"]
[PlyCount "73"]
[EventDate "2015.07.13"]
[EventType "swiss"]
[EventRounds "9"]
[EventCountry "ESP"]
[SourceTitle "CBM 167 Extra"]
[Source "ChessBase"]
[SourceDate "2015.09.14"]
[SourceVersion "1"]
[SourceVersionDate "2015.09.14"]
[SourceQuality "1"]

1. d4 Nf6 2. Nf3 e6 3. c4 Bb4+ 4. Bd2 Qe7 5. g3 b6 6. Bg2 Bb7 7. 0-0 Bxd2 8. Qxd2 d6 9. Nc3 Ne4 10. Qe3 Nxc3 11. Qxc3 Nd7 12. d5 e5 13. b4 a5 14. a3 0-0 15. Nd2 f5 16. Nb3 a4 17. Nd2 e4 18. Rfe1 Rae8 19. f4 exf3 20. exf3 Qxe1+ 21. Rxe1 Rxe1+ 22. Kf2 Rfe8 23. Bf1 Nf6 24. Qc2 Ra1 25. Nb1 f4 26. Qb2 Rxb1 27. Qxb1 Re3 28. Bd3 b5 29. gxf4 Re7 30. cxb5 Bxd5 31. Qc2 Nh5 32. Bxh7+ Kh8 33. Qf5 Nf6 34. Bg6 Be6 35. Qc2 Nd5 36. f5 Bg8 37. Qc4 1-0

[Event "Catalunya-chT GpB final"]
[Site "Barcelona"]
[Date "2015.03.21"]
[Round "9.1"]
[White "Morros Faura, Ricard"]
[Black "Juan Bartroli, Pau"]
[Result "1-0"]
[WhiteElo "2196"]
[BlackElo "2174"]
[PlyCount "57"]
[EventDate "2015.03.14"]
[EventType "team-tourn"]
[EventRounds "11"]
[EventCountry "ESP"]
[SourceTitle "EXT 2016"]
[Source "ChessBase"]
[SourceDate "2015.10.08"]
[SourceVersion "1"]
[SourceVersionDate "2015.10.08"]
[SourceQuality "1"]
[WhiteTeam "Mollet"]
[BlackTeam "Catalunya"]
[WhiteTeamCountry "ESP"]
[BlackTeamCountry "ESP"]

1. e4 c6 2. d4 d5 3. f3 dxe4 4. fxe4 e5 5. Nf3 Bg4 6. c3 Nd7 7. Bd3 Ngf6 8. 0-0 Bd6 9. Nbd2 0-0 10. Nc4 Bc7 11. Bg5 Re8 12. Qc2 exd4 13. cxd4 h6 14. Bh4 Bxf3 15. Rxf3 g5 16. Bf2 Qe7 17. Re1 Qe6 18. e5 Nd5 19. Bf5 Qe7 20. h4 N7b6 21. Nd2 Nf4 22. hxg5 hxg5 23. Ne4 Nbd5 24. Nxg5 Qxg5 25. Rg3 Qxg3 26. Bxg3 Bb6 27. Re4 Ne6 28. Qd2 Kf8 29. Bh4 1-0

[Event "Catalunya-chT Gp1"]
[Site "Barcelona"]
[Date "2015.02.21"]
[Round "5.1"]
[White "Juan Bartroli, Pau"]
[Black "Iglesias, Jorge"]
[Result "1-0"]
[WhiteElo "2174"]
[BlackElo "2292"]
[PlyCount "106"]
[EventDate "2015.01.24"]
[EventType "team-tourn"]
[EventRounds "7"]
[EventCountry "ESP"]
[SourceTitle "EXT 2016"]
[Source "ChessBase"]
[SourceDate "2015.10.08"]
[SourceVersion "1"]
[SourceVersionDate "2015.10.08"]
[SourceQuality "1"]
[WhiteTeam "Catalunya"]
[BlackTeam "Sant Josep de Badalona"]
[WhiteTeamCountry "ESP"]
[BlackTeamCountry "ESP"]

1. d4 Nf6 2. c4 g6 3. Nc3 Bg7 4. e4 d6 5. Be2 0-0 6. Bg5 c6 7. Qd2 e5 8. d5 Na6 9. f3 Qb6 10. g4 cxd5 11. cxd5 Bd7 12. Nh3 h5 13. Nf2 hxg4 14. fxg4 Nh7 15. Be3 Qa5 16. h4 b5 17. h5 b4 18. Ncd1 Nc5 19. Bh6 Bf6 20. Ne3 Bb5 21. Bxf8 Nxf8 22. Bxb5 Qxb5 23. Qe2 Qa4 24. Nc4 Nb3 25. Qc2 Nc5 26. Qxa4 Nxa4 27. Nd3 Nd7 28. 0-0 Be7 29. Nxb4 Nac5 30. Nc6 Bf8 31. Rae1 gxh5 32. gxh5 Nd3 33. Re3 Nf4 34. Kf2 Nf6 35. Kf3 Nh7 36. Rg1+ Kh8 37. Ra3 Nh3 38. Rg3 N3g5+ 39. Ke3 Bh6 40. Kd3 f5 41. exf5 e4+ 42. Ke2 Rf8 43. Nxd6 Rf6 44. Nc4 Rxf5 45. Ne3 Rf3 46. Ng4 Bf8 47. Rgxf3 exf3+ 48. Rxf3 Nxf3 49. Kxf3 Bc5 50. b4 Bd6 51. b5 Ng5+ 52. Ke3 Nf7 53. Ke4 Ba3 1-0

[Event "Barcelona Sant Marti op-A 16th"]
[Site "Barcelona"]
[Date "2014.07.18"]
[Round "6"]
[White "Juan Bartroli, Pau"]
[Black "Yapar, Nedim"]
[Result "1-0"]
[WhiteElo "2179"]
[BlackElo "1971"]
[PlyCount "61"]
[EventDate "2014.07.13"]
[EventType "swiss"]
[EventRounds "9"]
[EventCountry "ESP"]
[SourceTitle "CBM 161 Extra"]
[Source "ChessBase"]
[SourceDate "2014.08.29"]
[SourceVersion "1"]
[SourceVersionDate "2014.08.29"]
[SourceQuality "1"]

1. d4 e6 2. c4 Bb4+ 3. Nc3 Nf6 4. Bg5 h6 5. Bh4 0-0 6. e3 d5 7. cxd5 exd5 8. Bd3 c5 9. Nge2 cxd4 10. exd4 Nc6 11. 0-0 Be6 12. Bc2 Be7 13. Nf4 Qd7 14. Nxe6 Qxe6 15. Re1 Qd6 16. Bg3 Qd7 17. Be5 Rfd8 18. Qf3 Qg4 19. Qg3 Qxg3 20. hxg3 Ng4 21. Bb3 Ngxe5 22. dxe5 d4 23. Nd5 Bb4 24. Re4 Bc5 25. Rc1 Bf8 26. e6 Bd6 27. exf7+ Kf8 28. a3 Rac8 29. Rce1 Kxf7 30. Nf4+ Kf6 31. Re6+ 1-0

[Event "Barcelona Sant Marti op-A 16th"]
[Site "Barcelona"]
[Date "2014.07.17"]
[Round "5"]
[White "Akshat, Khamparia"]
[Black "Juan Bartroli, Pau"]
[Result "1-0"]
[WhiteElo "2367"]
[BlackElo "2179"]
[PlyCount "157"]
[EventDate "2014.07.13"]
[EventType "swiss"]
[EventRounds "9"]
[EventCountry "ESP"]
[SourceTitle "CBM 161 Extra"]
[Source "ChessBase"]
[SourceDate "2014.08.29"]
[SourceVersion "1"]
[SourceVersionDate "2014.08.29"]
[SourceQuality "1"]

1. d4 e6 2. Nf3 Nf6 3. Bg5 Be7 4. e3 b6 5. Nbd2 Bb7 6. Bd3 h6 7. Bxf6 Bxf6 8. 0-0 d6 9. Qe2 Nd7 10. c4 Qe7 11. Be4 c6 12. Bc2 Rc8 13. Ne4 d5 14. cxd5 cxd5 15. Nxf6+ gxf6 16. Rac1 Qb4 17. Bd3 Ke7 18. Qd2 Qxd2 19. Nxd2 f5 20. Nb3 Nb8 21. Rxc8 Rxc8 22. Rc1 Rxc1+ 23. Nxc1 Ba6 24. Bxa6 Nxa6 25. Nd3 Nb8 26. g3 Nc6 27. Kg2 f6 28. Nf4 Kd6 29. Kf1 e5 30. Nh5 exd4 31. exd4 Nxd4 32. Nxf6 Ke5 33. Ng8 h5 34. Ne7 Ke4 35. Ng6 Nf3 36. h4 d4 37. Nf4 Nxh4 38. Nxh5 Ng6 39. Ke2 d3+ 40. Kd2 Ne5 41. b3 Nf3+ 42. Kc3 b5 43. Nf6+ Ke5 44. Nd7+ Kd6 45. Nf8 d2 46. Kc2 Kc5 47. Ne6+ Kd5 48. Nf4+ Kc6 49. Ng6 Kd5 50. Ne7+ Ke6 51. Nc6 a6 52. b4 Kd5 53. Nb8 Ke4 54. Nxa6 Nd4+ 55. Kxd2 Kf3 56. Ke1 Nc2+ 57. Kf1 Ke4 58. Nc7 Nd4 59. Kg2 Ke5 60. f3 Kd6 61. Na6 Nc2 62. Kf2 Kc6 63. g4 fxg4 64. fxg4 Kd6 65. Ke2 Ke5 66. Kd3 Na3 67. Kc3 Kf4 68. Nc7 Kxg4 69. Kb3 Nc4 70. Nxb5 Nb6 71. a4 Kf5 72. a5 Na8 73. Kc4 Ke6 74. Kc5 Kd7 75. a6 Kc8 76. Kc6 Kb8 77. a7+ Kc8 78. Nd6+ Kd8 79. b5 1-0

[Event "Barcelona Sant Marti op-A 16th"]
[Site "Barcelona"]
[Date "2014.07.13"]
[Round "1"]
[White "Lopez Martinez, Josep Manuel"]
[Black "Juan Bartroli, Pau"]
[Result "1-0"]
[WhiteElo "2548"]
[BlackElo "2179"]
[PlyCount "109"]
[EventDate "2014.07.13"]
[EventType "swiss"]
[EventRounds "9"]
[EventCountry "ESP"]
[SourceTitle "CBM 161 Extra"]
[Source "ChessBase"]
[SourceDate "2014.08.29"]
[SourceVersion "1"]
[SourceVersionDate "2014.08.29"]
[SourceQuality "1"]

1. Nf3 d5 2. d4 Nf6 3. c4 c6 4. e3 a6 5. a4 g6 6. Nc3 Bg7 7. a5 0-0 8. Qb3 Ne4 9. cxd5 Nxc3 10. bxc3 cxd5 11. Be2 Nc6 12. Qa4 Qc7 13. 0-0 Bf5 14. Bb2 Rac8 15. Rfc1 Qd7 16. Nd2 Nb8 17. Qb3 e5 18. Ba3 Rfd8 19. h3 Nc6 20. Bc5 Re8 21. Bf1 h5 22. Qd1 Nd8 23. Bb6 Rc6 24. Nf3 Qc8 25. dxe5 Rxc3 26. Rxc3 Qxc3 27. Rc1 Qa3 28. Nd4 Be6 29. Bxd8 Rxd8 30. Nxe6 fxe6 31. Rb1 Qe7 32. Rb6 Bxe5 33. Qb1 Kg7 34. Rxb7 Bc7 35. Bxa6 Rd7 36. Qa1+ Qf6 37. Qxf6+ Kxf6 38. g3 Re7 39. Rb5 Bd8 40. Bc8 Rc7 41. Bb7 Rc1+ 42. Kg2 Ra1 43. a6 h4 44. gxh4 Ra2 45. Bc8 Ke5 46. Rb4 Kd6 47. Rg4 Rc2 48. Bb7 Bb6 49. Kf3 Ke5 50. Rxg6 d4 51. h5 dxe3 52. fxe3 Rc3 53. h6 Rxe3+ 54. Kg4 Kd6 55. h7 1-0

[Event "Barcelona Barri Gotic op 2nd"]
[Site "Barcelona"]
[Date "2013.06.03"]
[Round "7.2"]
[White "Juan Bartroli, Pau"]
[Black "Vidarte Morales, Arturo"]
[Result "1/2-1/2"]
[WhiteElo "2138"]
[BlackElo "2345"]
[PlyCount "122"]
[EventDate "2013.04.15"]
[EventType "swiss"]
[EventRounds "8"]
[EventCountry "ESP"]
[SourceTitle "EXT 2024"]
[Source "ChessBase"]
[SourceDate "2023.10.10"]
[SourceVersion "1"]
[SourceVersionDate "2023.10.10"]
[SourceQuality "1"]

1. d4 Nf6 2. c4 e6 3. Nc3 Bb4 4. Qc2 0-0 5. a3 Bxc3+ 6. Qxc3 b6 7. Bg5 d6 8. e3 Nbd7 9. Ne2 c5 10. Rd1 Qc7 11. Qd3 Ba6 12. Bxf6 Nxf6 13. dxc5 dxc5 14. Nc3 Rad8 15. Qc2 Bb7 16. f3 Rxd1+ 17. Qxd1 Rd8 18. Bd3 Nd7 19. Qe2 Ne5 20. Bc2 Ba6 21. b3 b5 22. cxb5 Qa5 23. 0-0 Qxc3 24. bxa6 Rd2 25. Rd1 Rxd1+ 26. Bxd1 c4 27. bxc4 Nxc4 28. Kf2 Nxa3 29. Ba4 g6 30. g4 h6 31. h4 Nc4 32. Bb5 Nb6 33. Bd3 Qf6 34. Kg3 Qa1 35. Kg2 Qc1 36. e4 e5 37. Qf2 Kg7 38. Bb5 Qc3 39. Qa2 Qc5 40. Qb2 g5 41. hxg5 hxg5 42. Qb1 Qe3 43. Qh1 Qd2+ 44. Kg3 Nc8 45. Qa1 Qf4+ 46. Kf2 Ne7 47. Be2 Ng6 48. Qc3 Qh2+ 49. Kf1 Qh1+ 50. Kf2 Qb1 51. Qe3 Nf4 52. Qxa7 Qc1 53. Qb6 Qd2 54. Qb5 Qd4+ 55. Kf1 Nh3 56. Ke1 Qc3+ 57. Kf1 Qa1+ 58. Kg2 Nf4+ 59. Kf2 Qd4+ 60. Kf1 Nh3 61. Kg2 Nf4+ 1/2-1/2

[Event "Barcelona Barri Gotic op 2nd"]
[Site "Barcelona"]
[Date "2013.04.29"]
[Round "3.2"]
[White "Hernando Rodrigo, Julio Antonio"]
[Black "Juan Bartroli, Pau"]
[Result "1/2-1/2"]
[WhiteElo "2329"]
[BlackElo "2138"]
[PlyCount "108"]
[EventDate "2013.04.15"]
[EventType "swiss"]
[EventRounds "8"]
[EventCountry "ESP"]
[SourceTitle "EXT 2024"]
[Source "ChessBase"]
[SourceDate "2023.10.10"]
[SourceVersion "1"]
[SourceVersionDate "2023.10.10"]
[SourceQuality "1"]

1. d4 c6 2. c4 d5 3. Nf3 Nf6 4. e3 a6 5. a4 e6 6. Bd3 c5 7. 0-0 Nc6 8. Nc3 Bd6 9. cxd5 exd5 10. e4 dxe4 11. Nxe4 Nxe4 12. Bxe4 Nxd4 13. Nxd4 cxd4 14. Qd3 g6 15. Rd1 Be5 16. Be3 0-0 17. Bxd4 Bxd4 18. Qxd4 Qe7 19. Bd5 Be6 20. Qe4 Rab8 21. Bxe6 Qxe6 22. Qxe6 fxe6 23. Rd6 Rfe8 24. Rd7 Red8 25. Rad1 Rxd7 26. Rxd7 a5 27. Kf1 b5 28. axb5 Rxb5 29. Rd2 Rb3 30. g4 g5 31. Re2 Kg7 32. Re5 Kf6 33. Rxa5 Rxb2 34. Kg2 h6 35. Kg3 Rc2 36. Ra3 Rc1 37. Rf3+ Kg6 38. h3 Rg1+ 39. Kh2 Ra1 40. Re3 Kf6 41. Kg3 Rg1+ 42. Kf3 Rh1 43. Ke4 Ra1 44. Rf3+ Ke7 45. Ke3 Ra2 46. Kd4 Kd6 47. Rd3 Ra4+ 48. Ke3+ Ke5 49. Kf3 Rb4 50. Kg3 Kf6 51. h4 h5 52. f3 gxh4+ 53. Kxh4 hxg4 54. fxg4 Rb1 1/2-1/2